000 00768nam a2200241Ia 4500
003 OSt
005 20221005113520.0
006 a|||||r|||| 00| 0
007 ta
008 221004b |||||||| |||| 00| 0 pan d
020 _a9788192535555 (hbk)
024 _a19073
037 _bGift, 05/06/2015,
_cTextual
040 _aCRL
_cCRL
_bpan
041 _2pan
_apan
082 _aY15, 153Q3
100 _aਪਰਮਜੀਤ ਕੌਰ
245 0 _aਨਾਹੀਵਾਦ ਤੇ ਸਾਹਿਤ ਸਮੀਖਿਆ
260 _aਲੁਧਿਆਣਾਂ
_bਆਬ ਪਬਲਿFਜਸ ਭਾਰਤ
_c2013
300 _a151ਪੰ
_ccm.
942 _hY15, 153Q3
_cTEXL
_2cc
999 _c1028433
_d1028433